Kırlangıcın kanadı = The wings of swallow (Record no. 2240)

MARC details
000 -BAŞLIK
Sabit Uzunlukta Kontrol Alanı 00727na a2200241 4500
001 - KONTROL NUMARASI
Denetim Alanı 16522
003 - KONTROL NUMARASI IDENTIFIER
Denetim Alanı MIRAKIL
005 - SON İŞLEM TARİHİ VE ZAMANI
Denetim Alanı 20181213154850.0
008 - SABİT-BOY VERİ ELEMANLARI - GENEL BİLGİLER
Sabit Uzunlukta Kontrol Alanı 161012b tu 000 0
040 ## - KATALOGLAMA KAYNAK
Orijinal Kataloglama Ajansı Milas
Kataloglama Dili tur
Metne Dönüştürmek Ajansı TR-AnCHP
041 ## - DİL KODU
Metin / Ses Parça Veya Ayrı Başlığın Dil Kodu tur
-- eng
082 ## - DEWEY ONLU SINIFLANDIRMA NUMARASI
Sınıflandırma Numarası 915.621422
Ürün Numarası A46k 2007
090 ## - SINIFLAMA NUMARASI
Sınıflama Numarası 915.621422 A46k 2007
100 ## - ANA GİRİŞ - KİŞİSEL İSİM
Kişisel Ad Akova, Akgün
245 ## - BAŞLIK TABLOSU
Başlık Kırlangıcın kanadı = The wings of swallow
Başlığın Kalan Datça
Sorumluluk Tablosu, Vb Akgün Akova ; fotg. Bülent Sancakdar
246 ## - UNVAN FORM VARYING
Başlık Doğru / Kısa Başlığı Datça
260 ## - YAYIN, DAĞITIM, VB
Yayın, Dağıtım, Vb Yeri İstanbul
Yayıncı, Dağıtıcı, Vs Adı [yayl. y.]
Yayın, Dağıtım, Vb Tarihi 2007
300 ## - FİZİKSEL TANIM
Kapsam 132 s.
Diğer Fiziksel Ayrıntıları fotg.
Boyutlar 27x27 sm.
651 ## - KONU KATMA GİRİŞ - COĞRAFİ ADI
Coğrafi İsim Datça (İzmir)
Genel Alt Bölümü Gezi ve tanıtım
Kronolojik Alt Bölümü Fotoğraflar
651 ## - KONU KATMA GİRİŞ - COĞRAFİ ADI
Coğrafi İsim İzmir
Genel Alt Bölümü Kılavuzlar
Coğrafi Alt Bölümü Datça
700 ## - KATMA GİRİŞ - KİŞİSEL İSİM
Kişisel Ad Sancakdar, Bülent
942 ## - EKLENDİ GİRİŞ ELEMANLARI (KOHA)
Sınıflandırma Veya Raf Düzeni Kaynak Dewey Decimal Classification
Koha Öğesi Türü Books
999 ## - SİSTEM KONTROL NUMARALARI (KOHA)
Koha Biblionumber 2240
Koha Biblioitemnumber 2240
Holdings
Kalıcı Konum Mevcut Konum Edinme Tarihi Edinim Kaynak Toplam Check-Out'Lar Tam Çağrı Numarası Barkod Tarih Son Görülme İtibaren Geçerli Fiyatlar Koha Öğesi Türü
CHP Kütüphanesi CHP Kütüphanesi 10/07/2016 Bağış   915.621422 A46k 2007 006539 10/07/2016 10/07/2016 Books